书目信息 |
| 题名: |
图书分类基础知识问答
|
|
| 作者: | 卢子博 , 倪波 主编 | |
| 分册: | ||
| 出版信息: | 北京 书目文献出版社 1981 |
|
| 页数: | 89页 | |
| 开本: | 19cm | |
| 丛书名: | 《图书馆业务基础知识问答》丛书 | |
| 单 册: | ||
| 中图分类: | G254.1 | |
| 科图分类: | ||
| 主题词: | 图书馆学 , 图书馆事业 | |
| 电子资源: | ||
| ISBN: | ||
| 000 | 00797nam2 2200289 45 | |
| 001 | 0181007591 | |
| 005 | 20060819145023.75 | |
| 010 | @dCNY0.35 | |
| 091 | @a7201.20 | |
| 100 | @a19950624d1981 em y0chiy0121 ea | |
| 101 | 0 | @achi |
| 102 | @aCN@b110000 | |
| 105 | @ay z 000yy | |
| 200 | 10 | @a图书分类基础知识问答@Atu shu fen lei ji chu zhi shi wen da@f卢子博, 倪波主编 |
| 205 | @a新1版 | |
| 210 | @a北京@c书目文献出版社@d1981 | |
| 215 | @a89页@d19cm | |
| 225 | 2 | @a《图书馆业务基础知识问答》丛书@v1 |
| 410 | 0 | @120010@a《图书馆业务基础知识问答》丛书 |
| 606 | 0 | @a图书馆学 |
| 606 | 0 | @a图书馆事业 |
| 690 | @aG254.1 | |
| 701 | 0 | @a卢子博@Alu zi bo@4主编 |
| 701 | 0 | @a倪波@Ani bo@4主编 |
| 801 | 0 | @aCN@b上海图书馆@c20060819 |
| 801 | 2 | @aCN@bNLC@c20060815 |
| 905 | @dG254.1@e4=1 | |
| 图书分类基础知识问答/卢子博, 倪波主编.-新1版.-北京:书目文献出版社,1981 |
| 89页;19cm.-(《图书馆业务基础知识问答》丛书;1) |
| ISBN :CNY0.35 |
| ● |
| 相关链接 |
|
|
|
|
正题名:图书分类基础知识问答
索取号:G254.1/4=1
 
预约/预借
| 序号 | 登录号 | 条形码 | 馆藏地/架位号 | 状态 | 备注 |
| 1 | 0471079 | 204710795 | 密集书库/ [索取号:G254.1/4=1] | 在馆 |